Normal view
MARC view
- التصميم الانشائي-الطرق-العناصر الخرسانية
Entry Topical Term
001 - CONTROL NUMBER
- control field: 51286
003 - CONTROL NUMBER IDENTIFIER
- control field: JO-AjAnu
005 - DATE AND TIME OF LATEST TRANSACTION
- control field: 20230606082434.0
008 - FIXED-LENGTH DATA ELEMENTS
- fixed length control field: 230606|| aca||aabn | a|a d
040 ## - CATALOGING SOURCE
- Original cataloging agency: JO-AjAnu
- Transcribing agency: JO-AjAnu
150 ## - HEADING--TOPICAL TERM
- Topical term or geographic name entry element: التصميم الانشائي-الطرق-العناصر الخرسانية
670 ## - SOURCE DATA FOUND
- Source citation: Work cat.: (JO-AjAnu)26211: درويش، عماد, author 51285, التحليل والتصميم الانشائي بمساعدة برنامج بروكون :تصميم المنشات والعناصر الخرسانية 1/3